00827nam a22001337a 4500003000400000005001700004008004100021040000900062082002700071100001800098245052300116260002800639300002600667OSt20151006165300.0151006b xxu||||| |||| 00| 0 eng d cRUA  aAVM POU 2006 B077 Or.1 aPOUN SOK CHEA aEffect of using antibotices concentrate feed on growth rate of avian broiler at animal station of royal university of agriculture, (ប្រសិទ្ធភាពនៃការប្រើប្រាស់អង់ទីប៊ីយ៉ូទិចក្នុងចំណីផ្សំលើការលូតលាស់មាន់សាច់ពូជAVIAN នៅស្ថានីយ៍ចិញ្ចឹមសត្វ នៃសាកលវិទ្យាល័យភូមិន្ទកសិកម្ម) aphnom penh brua c2006 aix, 38p.bill.c29cm.